Normal view
MARC view
Entry Personal Name
001 - CONTROL NUMBER
- control field: 4123
003 - CONTROL NUMBER IDENTIFIER
- control field: BD-RjUL
005 - DATE AND TIME OF LATEST TRANSACTION
- control field: 20220725123634.0
008 - FIXED-LENGTH DATA ELEMENTS
- fixed length control field: 220725|| aca||aabn | a|a d
040 ## - CATALOGING SOURCE
- Original cataloging agency: BD-RjUL
- Transcribing agency: BD-RjUL
100 ## - HEADING--PERSONAL NAME
- Personal name: Gitman, Lawrence J
670 ## - SOURCE DATA FOUND
- Source citation: Work cat.: (BD-RjUL)80117: Gitman, Lawrence J., Principles of managerial finance /, c2017